| 000 | 00560nam a2200193Ia 4500 | ||
|---|---|---|---|
| 003 | 0OSt | ||
| 005 | 20260128125235.0 | ||
| 008 | 240810s9999 xx 000 0 und d | ||
| 020 | _aN/S | ||
| 040 |
_aBiblioteca Geral-Universidade Lusíada de Angola _cBULA |
||
| 082 |
_m9(1) _a32 |
||
| 100 | _aACADEMIA DAS CIÊNCIAS DA URSS | ||
| 245 | 0 | _aLa Teoria politica y la practica politica | |
| 260 |
_aMoscovo, _bAcademia de ciencias de la urss _c1981. |
||
| 300 | _a245p | ||
| 650 | _aPolitica | ||
| 700 | _aAcademia das Ciências da Urss | ||
| 942 |
_cLivros _2ddc |
||
| 999 |
_c578 _d578 |
||